Z tých dní (revolučných). Nežná revolúcia zachytená objektívom P. Mikuláška /
Saved in:
| Other Authors: | |
|---|---|
| Format: | Book |
| Language: | Slovak |
| Published: |
Bratislava :
Biofond,
1990
|
| Tags: |
No Tags, Be the first to tag this record!
|
MARC
| LEADER | 00000nam a22000003a 4500 | ||
|---|---|---|---|
| 001 | stu1646 | ||
| 005 | 20150617225618.6 | ||
| 008 | 920519s1990----cs------------------slo-d | ||
| 040 | |a STU |b slo | ||
| 041 | 0 | |a slo | |
| 044 | |a cs | ||
| 080 | |a 943.7"1989"(084) | ||
| 100 | 1 | |a Mikulášek, P |4 pht | |
| 245 | 1 | |a Z tých dní (revolučných). Nežná revolúcia zachytená objektívom P. Mikuláška / |c Fotogr.: Mikulášek,P | |
| 260 | |a Bratislava : |b Biofond, |c 1990 | ||
| 300 | |a Nestr | ||
| 996 | |b 284EK07315 |c E*70336 |l EE01 |s A |a 24 |w stu1646_0001 | ||